00417cam a2200157ua 45000010005000000080039000050400009000440820011000531000032000642450052000962500009001482600040001573000017001976530014002146530031002281826110811n ii |||gr||||Z||||||asm cMAIN a370.54 aSharma, tarun Kr.,eAuthor.1 aBharatar shikshar buranjeecby Tarun Kr. Sharma a2nd. aDibrugarh:bBanalata,995.aGuahati: a196p:c23cm. aEducation aBharatar shikshar buranjee